Dorland's Gray's pocket atlas of anatomy (Record no. 2352)

MARC details
000 -LEADER
fixed length control field 00554nam a22001937a 4500
003 - CONTROL NUMBER IDENTIFIER
control field OSt
005 - DATE AND TIME OF LATEST TRANSACTION
control field 20260417020003.0
008 - FIXED-LENGTH DATA ELEMENTS--GENERAL INFORMATION
fixed length control field 151023b xxu||||| |||| 00| 0 eng d
020 ## - INTERNATIONAL STANDARD BOOK NUMBER
International Standard Book Number 9780443067617
040 ## - CATALOGING SOURCE
Transcribing agency DNLM
082 ## - DEWEY DECIMAL CLASSIFICATION NUMBER
Classification number QS17 D782p 2007
100 ## - MAIN ENTRY--PERSONAL NAME
Personal name Drake, Richard L.; Vogel A. Wayne; Mitchell, Adam W.M.
9 (RLIN) 5896
245 ## - TITLE STATEMENT
Title Dorland's Gray's pocket atlas of anatomy
260 ## - PUBLICATION, DISTRIBUTION, ETC. (IMPRINT)
Place of publication, distribution, etc. Philadelphia;
Name of publisher, distributor, etc. Churchill,
Date of publication, distribution, etc. 2008
300 ## - PHYSICAL DESCRIPTION
Extent ix,588p;
Other physical details col.ill:
Dimensions 19cm
504 ## - BIBLIOGRAPHY, ETC. NOTE
Bibliography, etc Index included
650 ## - SUBJECT ADDED ENTRY--TOPICAL TERM
Topical term or geographic name as entry element Anatomy Atlas
9 (RLIN) 4546
942 ## - ADDED ENTRY ELEMENTS (KOHA)
Source of classification or shelving scheme Other/Generic Classification Scheme
Koha item type Open Shelf
Koha issues (borrowed), all copies 1
Holdings
Withdrawn status Lost status Source of classification or shelving scheme Damaged status Not for loan Home library Current library Date acquired Source of acquisition Inventory number Total Checkouts Full call number Barcode Checked out Date last seen Date last checked out Koha item type
    Other/Generic Classification Scheme     MUST Main Library MUST Main Library 23/10/2015   14/38564 6 QS17 D782p 2007 2015-2365 30/04/2026 16/04/2026 16/04/2026 Open Shelf